Komárno, Dunajské nábrežie 16 : Architektonicko-historický výskum

Salvato in:
Dettagli Bibliografici
Autore principale: Kvasnicová, Magdaléna, 1957- (Autore)
Natura: Libro
Pubblicazione: Nitra : Krajský pamiatkový úrad, 2006
Tags: Aggiungi Tag
Nessun Tag, puoi essere il primo ad aggiungerne!!

MARC

LEADER 00000nam a22000003a 4500
001 stu152604
005 20150617230008.8
008 071128s2006----------------------------d
040 |a STU  |b slo 
041 0
100 1 |a Kvasnicová, Magdaléna,  |d 1957-  |4 aut  |u A3130  |9 100  |U FAD Fakulta architektúry  |T FA Ústav dejín a teórie architektúry a obnovy pamiatok  |X 440  |U A3130  |Y 394  |7 A000000440 
245 1 |a Komárno, Dunajské nábrežie 16 :  |b Architektonicko-historický výskum 
260 |a Nitra :  |b Krajský pamiatkový úrad,  |c 2006 
300 |a nestr